000 00443nam a2200181Ia 4500
001 23986
005 20260414151013.0
008 260414t2007||||xx |||||||||||||| ||spa||
041 _aESP
082 _a741.2
_bS21
100 _aCanal, Ma. Fernanda (dir)
_eAUT
245 0 _aMateriales y técnicas :
_bguía completa
260 _c2007
300 _a239 páginas :
_c28 cm.
650 _aABD
654 _aCAU
942 _cLIB
_dJUS
_fJUS
_2ddc
_n
999 _c23986
_d23986